00326nam a2200145Ia 4500008004000000041000800040082001200048100000600060245002800066260004600094650001100140650001600151650000700167650000600174210210b1955 xxu||||| |||| 00| 0 eng d aeng a824/292 a- aShakespeare survey No 8 aCambridgebAt the University Press.c1955 asurvey aShakespeare aNo a8